000 01158nam a22003017a 4500
005 20200104041632.0
008 150113b2008 ck || |r|||| 00| 0 spa d
020 _a9789589386538
040 _aCO-BoIAVH
_cCO-BoIAVH
041 _aspa
044 _ack
090 _aEA
_b00252
100 1 _aCaro-Gamboa, Miguel Fernando
_931412
245 _aAgua clara pasó por aquí y más abajo muy turbia la vi
_cMiguel Fernando, Caro-Gamboa... (et al.)
260 _aCali :
_bFundación Centro para la Investigación en Sistemas Sostenibles de Producción Agropecuaria-CIPAV
_bFondo para la Acción Ambiental y la Niñez,
_bConservación Internacional Colombia,
_bCOLCIENCIAS,
_c2008.
300 _a108 pag
_bIl., fot (col)
_c22 cm
504 _aIncluye referencias bibliográficas (pag 108)
650 _aEducación Ambiental
_9162
650 4 _aCalidad del agua
_992495
650 _aFauna
_992594
650 _aMedio ambiente
_992195
650 4 _aCalidad ambiental
_919101
700 _aGiraldo, Lina Paola
_931413
700 _aChará, Julián David
_931414
700 _aCalle, Zoraida
_95697
700 _aPiedrahita, Lorena
_931415
942 _2z
_cLIBRO
999 _c8963
_d8963